Fr. Conceicao Rodrigues College of Engineering

Mastering Bitcoin:progamming the open blockchain (Record no. 31979)

MARC details
000 -LEADER
fixed length control field 00366nam a2200181Ia 4500
082 ## - DEWEY DECIMAL CLASSIFICATION NUMBER
Item number ANT
100 ## - MAIN ENTRY--PERSONAL NAME
Personal name Antonopoulos/A.M
250 ## - EDITION STATEMENT
Edition statement 2
245 ## - TITLE STATEMENT
Title Mastering Bitcoin:progamming the open blockchain
260 ## - PUBLICATION, DISTRIBUTION, ETC.
Name of publisher, distributor, etc. SPD
Date of publication, distribution, etc. 2017
366 ## - TRADE AVAILABILITY INFORMATION
Publishers's discount category 20
300 ## - PHYSICAL DESCRIPTION
Extent 369
546 ## - LANGUAGE NOTE
Language note ENGLISH
650 ## - SUBJECT ADDED ENTRY--TOPICAL TERM
Topical term or geographic name entry element bitcoin
654 ## - SUBJECT ADDED ENTRY--FACETED TOPICAL TERMS
Focus term bitcoin
942 ## - ADDED ENTRY ELEMENTS (KOHA)
Koha item type BOOK
Holdings
Withdrawn status Lost status Damaged status Not for loan Collection Home library Current library Date acquired Source of acquisition Cost, normal purchase price Inventory number Total Checkouts Full call number Barcode Date last seen Cost, replacement price Price effective from Koha item type
        CRC Fr. Agnel's C.Rodrigues College of Engineering Fr. Agnel's C.Rodrigues College of Engineering 17/03/2023 Shroff Publishers 820.00 03679 dr 24.01.2019   ANT 25508 17/03/2023 1025.00   BOOK